00899 2200337 4500001002100000005001500021035002000036007000300056040001700059100002700076245003200103250001200135300002700147041000800174082001100182090002400193264004100217336002100258337003000279338002300309650001100332850001000343008004100353020002200394084001700416500002900433700003100462504002600493990002200519990002000541INLIS00000000000841620260520015205 a0010-0922000905ta aSBPUPADbInd0 aSofi ArianiePengarang1 aStop! Kanker /cSofi Ariani a.-cet.1 aviii,271 hlm ;c24,5cm07aInd a616.99 a616.99 PAN p T 15-4 a.--Yogyakarta :bIstana Media,c2017 2rdacontentateks 2rdamediaatanpa perantara 2rdacarrieravolume 4aKanker aPUPAD260520 0  a978-602-0862-01-9 a616.99 SOF s aTentang Penuis, hlm. 2710 aPenyuntig, QoniePengarang aBibliografi, hlm. 249 a30.243/B/DPK/2019 a23.370/H/DPK/17